00492 2200193 4500001002100000005001500021008004100036020002200077035001900099041000700118082001000125090001600135100002000151245003700171260004000208300003000248500000600278650001400284INLIS00000000000356120241224112739241224||||||||| | ||| |||| || |  a978-602-202-010-3 0010-1224003561 aen0 a614.4 a614.4 LIS g0 aLilis Lisnawati00aGenerasi Sehat Melalui Imunisasi aJakartabcv. Trans info mediac2011 ax, 126 hlm.; ilus.: 21 cm a1 0akesehatan